[Event "Sonora op 2nd"]
[Site "Sonora"]
[Date "2024.06.14"]
[Round "2"]
[White "Kaori Shikasho, Kariny"]
[Black "Vilela, Mariana Felix"]
[Result "1-0"]
[WhiteElo "1619"]
[BlackElo "1800"]
[PlyCount "70"]
[EventDate "2024.06.13"]
[EventType "swiss"]
[EventRounds "6"]
[EventCountry "BRA"]
[SourceTitle "CBM 220 Extra"]
[Source "ChessBase"]
[SourceDate "2024.07.31"]
[SourceVersion "1"]
[SourceVersionDate "2024.07.31"]
[SourceQuality "1"]

1. e4 e5 2. Nf3 Nc6 3. Bc4 Bc5 4. 0-0 Nf6 5. d3 0-0 6. Bg5 h6 7. Bh4 Re8 8. c3 d6 9. h3 Be6 10. Bxe6 Rxe6 11. Re1 Qd7 12. Bxf6 Rxf6 13. d4 exd4 14. cxd4 Bb4 15. Nc3 Bxc3 16. bxc3 d5 17. e5 Rg6 18. Kh2 Qf5 19. Qe2 Qf4+ 20. g3 Qf5 21. Nh4 Qe4 22. Qxe4 dxe4 23. Nxg6 fxg6 24. Rxe4 Kf7 25. d5 Ne7 26. d6 cxd6 27. exd6 Nf5 28. d7 Rd8 29. Rd1 Rxd7 30. Rxd7+ Ne7 31. Rdxe7+ Kg8 32. Rxb7 a5 33. Re8+ Kh7 34. Ree7 a4 35. Rxg7+ Kh8 1-0

[Event "Sonora op 2nd"]
[Site "Sonora"]
[Date "2024.06.14"]
[Round "3"]
[White "Roeder, Guilherme H Oliveir"]
[Black "Vilela, Mariana Felix"]
[Result "1-0"]
[WhiteElo "1529"]
[BlackElo "1800"]
[PlyCount "93"]
[EventDate "2024.06.13"]
[EventType "swiss"]
[EventRounds "6"]
[EventCountry "BRA"]
[SourceTitle "CBM 220 Extra"]
[Source "ChessBase"]
[SourceDate "2024.07.31"]
[SourceVersion "1"]
[SourceVersionDate "2024.07.31"]
[SourceQuality "1"]

1. e4 e5 2. Nf3 Nc6 3. Bb5 a6 4. Ba4 Nf6 5. 0-0 Bc5 6. Re1 0-0 7. c3 Re8 8. d3 d6 9. h3 Bd7 10. Nbd2 Qc8 11. Kh2 Bxf2 12. Re2 Bc5 13. Nf1 Nh5 14. Rf2 Bxf2 15. Bb3 Nf4 16. Bxf4 exf4 17. Ng5 Be6 18. Bc2 Qd7 19. d4 Bh4 20. Nf3 Qe7 21. d5 Bd7 22. dxc6 Bxc6 23. N1d2 Qf6 24. Nd4 Qg5 25. N4f3 Qg3+ 26. Kh1 Bd7 27. Nf1 Qf2 28. Bd3 Bf6 29. Bc4 Qxb2 30. Rb1 Qxc3 31. Rc1 Qa3 32. Qd2 Rxe4 33. Bxf7+ Kxf7 34. Qd5+ Re6 35. Rxc7 Rd8 36. Qxb7 Qa4 37. Qd5 Be7 38. Ng5+ Kf6 39. Nd2 Re1+ 40. Kh2 Qa3 41. Nde4+ Kg6 42. Qf7+ Kh6 43. Rxd7 Rxe4 44. Rxe7 Qg3+ 45. Kh1 Rc8 46. Qxg7+ Kh5 47. Qxh7+ 1-0